| 000 | 00375nam a22001337a 4500 | ||
|---|---|---|---|
| 020 | _a0256120897 | ||
| 040 | _cNUST | ||
| 082 |
_a621.395 _bGOP |
||
| 100 |
_aK. Gopal Gopalan _9125734 |
||
| 245 | _aIntroduction to Digital Microelectronic Circuits | ||
| 260 |
_aChicago: _bMcGraw Hill, _c1996. |
||
| 650 | _2Introduction to Digital Microelectronic Circuits | ||
| 942 |
_2ddc _cBK |
||
| 999 |
_c611430 _d611430 |
||